[Event "GER-chT U10"]
[Site "Magdeburg"]
[Date "2015.12.29"]
[Round "6.1"]
[White "Mueller, Linus"]
[Black "Moeschwitzer, Luis"]
[Result "1-0"]
[WhiteElo "936"]
[BlackElo "975"]
[PlyCount "115"]
[EventDate "2015.12.27"]
[EventType "team-swiss"]
[EventRounds "7"]
[EventCountry "GER"]
[SourceTitle "EXT 2017"]
[Source "ChessBase"]
[SourceDate "2016.10.25"]
[SourceVersion "1"]
[SourceVersionDate "2016.10.25"]
[SourceQuality "1"]
[WhiteTeam "Hamburger SK II"]
[BlackTeam "Stadtilm Blau Weiss II"]
[WhiteTeamCountry "GER"]
[BlackTeamCountry "GER"]

1. e4 e5 2. Nf3 Nc6 3. Bb5 a6 4. Ba4 Nf6 5. d3 g6 6. Bg5 Bg7 7. Qd2 b5 8. Bb3 h6 9. Bh4 0-0 10. Bxf6 Bxf6 11. Qxh6 Bg7 12. Qe3 Bb7 13. Nbd2 d6 14. c3 a5 15. d4 Qe7 16. d5 Na7 17. 0-0 c6 18. dxc6 Nxc6 19. Rad1 Ba6 20. Rfe1 Rfd8 21. Bd5 Bb7 22. Ng5 Rf8 23. Qg3 Bh6 24. Ndf3 Kh8 25. Qh4 Kg7 26. Rb1 Rh8 27. Nxf7 Rh7 28. Qxe7 Nxe7 29. N3g5 Bxg5 30. Nxg5 Rh5 31. Bxb7 Rb8 32. Ne6+ Kf6 33. Bd5 Rbh8 34. h3 g5 35. f3 Rc8 36. b4 a4 37. Rbc1 Nxd5 38. exd5 Rh4 39. Re4 Rh7 40. Rg4 Rg8 41. c4 bxc4 42. Rcxc4 a3 43. Rc3 Ra7 44. b5 Rb8 45. Nxg5 Rxb5 46. Ne4+ Ke7 47. Rg7+ Kd8 48. Rxa7 Rb1+ 49. Kh2 Rb8 50. Rcxa3 Kc8 51. Nxd6+ Kd8 52. R3a4 e4 53. Nxe4 Kc8 54. Nd6+ Kd8 55. Rh4 Rb7 56. Nxb7+ Kc8 57. Nd6+ Kb8 58. Rg7 1-0

[Event "GER-chT U10"]
[Site "Magdeburg"]
[Date "2015.12.28"]
[Round "4.1"]
[White "Schmidt, Dirk"]
[Black "Moeschwitzer, Luis"]
[Result "0-1"]
[WhiteElo "973"]
[BlackElo "975"]
[PlyCount "82"]
[EventDate "2015.12.27"]
[EventType "team-swiss"]
[EventRounds "7"]
[EventCountry "GER"]
[SourceTitle "EXT 2017"]
[Source "ChessBase"]
[SourceDate "2016.10.25"]
[SourceVersion "1"]
[SourceVersionDate "2016.10.25"]
[SourceQuality "1"]
[WhiteTeam "Erfurt Empor II"]
[BlackTeam "Stadtilm Blau Weiss II"]
[WhiteTeamCountry "GER"]
[BlackTeamCountry "GER"]

1. e4 e5 2. Nf3 Nc6 3. Bc4 Bc5 4. b4 Bxb4 5. c3 Bc5 6. d4 exd4 7. cxd4 Bb4+ 8. Bd2 Bxd2+ 9. Qxd2 Nf6 10. e5 Ne4 11. Qe2 d5 12. Bd3 Bf5 13. Nbd2 Nxd2 14. Qxd2 Bg4 15. Be2 Qe7 16. Qf4 Bxf3 17. Bxf3 0-0-0 18. 0-0 g5 19. Qf5+ Kb8 20. Rab1 Nxd4 21. Qf6 Qxf6 22. exf6 Nxf3+ 23. gxf3 Rd6 24. Rfe1 c6 25. Rb2 Rxf6 26. Reb1 b5 27. a4 a6 28. axb5 axb5 29. Rc2 h5 30. Rbc1 Kb7 31. Re2 Re6 32. Rb2 g4 33. fxg4 hxg4 34. Kg2 Rh3 35. Rf1 Rf6 36. Rd2 b4 37. Rb2 b3 38. Rd2 Kb6 39. Rb1 Rff3 40. Rdb2 Kb5 41. Rc1 c5 0-1

[Event "GER-chT U10"]
[Site "Magdeburg"]
[Date "2015.12.27"]
[Round "1.1"]
[White "Moeschwitzer, Luis"]
[Black "Pflugradt, Natalie"]
[Result "0-1"]
[WhiteElo "975"]
[BlackElo "1274"]
[PlyCount "80"]
[EventDate "2015.12.27"]
[EventType "team-swiss"]
[EventRounds "7"]
[EventCountry "GER"]
[SourceTitle "EXT 2017"]
[Source "ChessBase"]
[SourceDate "2016.10.25"]
[SourceVersion "1"]
[SourceVersionDate "2016.10.25"]
[SourceQuality "1"]
[WhiteTeam "Stadtilm Blau Weiss II"]
[BlackTeam "Stadtilm Blau Weiss"]
[WhiteTeamCountry "GER"]
[BlackTeamCountry "GER"]

1. e4 e5 2. Nf3 Nc6 3. Bc4 Bc5 4. Nc3 Nf6 5. d3 h6 6. Be3 Bb6 7. Qd2 d6 8. h3 Be6 9. Bb3 Qd7 10. 0-0-0 0-0-0 11. Bxb6 axb6 12. Nd5 Bxd5 13. Bxd5 Nxd5 14. exd5 Ne7 15. c4 f5 16. Rde1 Rhe8 17. Nh2 Ng6 18. f3 Re7 19. g4 Rf8 20. gxf5 Qxf5 21. Rhg1 Nf4 22. Re4 Nxh3 23. Rg3 Ng5 24. Re1 Qf4 25. Qxf4 Rxf4 26. Kc2 Nh7 27. Reg1 g5 28. Rg4 Ref7 29. Rxf4 Rxf4 30. b4 Nf6 31. a4 Kd7 32. Kc3 c6 33. dxc6+ Kxc6 34. b5+ Kc5 35. Rg2 d5 36. cxd5 Nxd5+ 37. Kc2 Kd6 38. Rg4 Rxg4 39. fxg4 Nf4 40. Kc3 Kc5 0-1

[Event "GER-chT U10"]
[Site "Magdeburg"]
[Date "2014.12.29"]
[Round "7.4"]
[White "Brinkschroeder, Josh"]
[Black "Moeschwitzer, Luis"]
[Result "0-1"]
[WhiteElo "779"]
[BlackElo "798"]
[PlyCount "84"]
[EventDate "2014.12.27"]
[EventType "team-swiss"]
[EventRounds "7"]
[EventCountry "GER"]
[SourceTitle "EXT 2016"]
[Source "ChessBase"]
[SourceDate "2015.10.08"]
[SourceVersion "1"]
[SourceVersionDate "2015.10.08"]
[SourceQuality "1"]
[WhiteTeam "Paderborn II"]
[BlackTeam "Stadtilm Blau Weiss II"]
[WhiteTeamCountry "GER"]
[BlackTeamCountry "GER"]

1. d4 d5 2. Nf3 Nc6 3. Bf4 Bf5 4. e3 Nf6 5. c3 e6 6. Bb5 Bd6 7. Bg3 Qd7 8. Ne5 Bxe5 9. dxe5 Ne4 10. Bh4 0-0 11. 0-0 h6 12. Bd3 a6 13. f3 Nc5 14. Bxf5 exf5 15. f4 Rfe8 16. g4 fxg4 17. b4 Ne4 18. f5 Nxe5 19. f6 gxf6 20. Nd2 Nxd2 21. Qxd2 Nf3+ 22. Rxf3 gxf3 23. Bxf6 Qg4+ 24. Kf1 Re6 25. Bd4 Rae8 26. c4 dxc4 27. Bc3 Rxe3 28. Re1 Qh3+ 29. Kf2 Qxh2+ 30. Kf1 Qxd2 31. Bxd2 Re2 32. Bxh6 Rxe1+ 33. Kf2 Kh7 34. Bd2 R1e2+ 35. Kxf3 Rxd2 36. Kf4 Re1 37. Kf3 Rxa2 38. Kg3 Re6 39. Kf4 Ra1 40. Kf5 Rf1+ 41. Kg5 Rg6+ 42. Kh5 Rh1# 0-1

[Event "GER-chT U10"]
[Site "Magdeburg"]
[Date "2014.12.28"]
[Round "4.3"]
[White "Moeschwitzer, Luis"]
[Black "Telesh, Volodymyr"]
[Result "0-1"]
[WhiteElo "798"]
[BlackElo "777"]
[PlyCount "116"]
[EventDate "2014.12.27"]
[EventType "team-swiss"]
[EventRounds "7"]
[EventCountry "GER"]
[SourceTitle "EXT 2016"]
[Source "ChessBase"]
[SourceDate "2015.10.08"]
[SourceVersion "1"]
[SourceVersionDate "2015.10.08"]
[SourceQuality "1"]
[WhiteTeam "Stadtilm Blau Weiss II"]
[BlackTeam "Magdeburg Schachzwerge II"]
[WhiteTeamCountry "GER"]
[BlackTeamCountry "GER"]

1. e4 e5 2. Nf3 Nc6 3. Nc3 Nf6 4. Bc4 Bc5 5. d3 d6 6. Be3 Bxe3 7. fxe3 Bg4 8. h3 Be6 9. Bb3 0-0 10. Qd2 Qd7 11. 0-0-0 Na5 12. Nd5 Nxd5 13. exd5 Bf5 14. Qxa5 b6 15. Qc3 Qe7 16. e4 Bd7 17. Qxc7 Rfc8 18. Qb7 Rcb8 19. Qa6 Bc8 20. Qb5 Bd7 21. Qb4 a5 22. Qe1 b5 23. a4 bxa4 24. Bxa4 Bxa4 25. g4 Rc8 26. Rd2 Qc7 27. Rhh2 Rab8 28. b3 Bd7 29. Kd1 a4 30. bxa4 Bxa4 31. Rdg2 Rb1+ 32. Ke2 Rxe1+ 33. Kxe1 Qb7 34. Kf1 Qb2 35. Ne1 Re8 36. h4 h6 37. c4 Qd4 38. g5 hxg5 39. hxg5 g6 40. Rg1 Kf8 41. Rh3 Bd7 42. Nc2 Qb6 43. Re3 Ba4 44. Re2 Qa5 45. Kf2 Qb6+ 46. Ke1 Qxg1+ 47. Kd2 Qxg5+ 48. Kd1 Qg3 49. Kd2 Rb8 50. Re3 Qf2+ 51. Re2 Qb6 52. Kd1 Qb1+ 53. Kd2 Qxc2+ 54. Ke1 Qd1+ 55. Kf2 Qxd3 56. Re1 Rb2+ 57. Kg1 Qg3+ 58. Kf1 Qf2# 0-1